| 000 | 00633 a2200181 4500 | ||
|---|---|---|---|
| 999 |
_c1653 _d1653 |
||
| 020 | _a0416660207 | ||
| 050 | 0 | 0 | _aLA9 |
| 110 | 2 | _aHistory of Education Society (Great Britain) | |
| 245 | 1 | 0 |
_aHistory, sociology, and education / _cHistory of Education Society |
| 264 |
_aOxon: _bRoutledge, _c1971 |
||
| 300 | _ax, 65 p. : | ||
| 500 | _a"Distributed in the U.S.A. by Barnes & Noble, Inc." | ||
| 500 | _aLectures delivered at a conference of the Society in December 1970. | ||
| 504 | _aIncludes bibliographical references. | ||
| 650 | 0 |
_aEducation _xHistoriography. |
|
| 650 | 0 | _aEducational sociology. | |
| 942 |
_2lcc _cBK _h9 _iHIS _kLA |
||